| 000 | 01092cam a2200265 a 4500 | ||
|---|---|---|---|
| 005 | 20260322212012.0 | ||
| 008 | data | ||
| 010 | _a 2007018082 | ||
| 020 | _a9780670018215 | ||
| 020 | _a067001821X | ||
| 040 |
_aDLC _cDLC _dVP@ _dBAKER _dYDXCP _dUPZ _dZS3 _dC#P _dVP@ |
||
| 050 | 0 | 0 |
_aPR9619.3.B7153 _bP46 2008 |
| 082 | 0 | 0 |
_a823/.914 _222 |
| 099 | _aBROOK G | ||
| 100 | 1 | _aBrooks, Geraldine. | |
| 245 | 1 | 0 |
_aPeople of the book : _ba novel / _cGeraldine Brooks. |
| 260 |
_aNew York, N.Y. : _bViking, _c2008. |
||
| 300 |
_a372 p. : _bmap ; _c25 cm. |
||
| 500 | _aMap on lining papers. | ||
| 520 | _aIn 1996, Hanna Heath, a young Australian book conservator is called to analyze the famed Sarajevo Haggadah, a priceless six-hundred-year-old Jewish prayer book that has been salvaged from a destroyed Bosnian library. When Hanna discovers a series of artifacts in the centuries' old, she unwittingly exposes an international cover up. | ||
| 650 | 0 |
_aJudaism _xManuscripts _vFiction. |
|
| 650 | 0 |
_aManuscripts, Hebrew _vFiction. |
|
| 650 | 0 |
_aBooks _xConservation and restoration _vFiction. |
|
| 001 | data | ||
| 999 |
_c242 _d242 |
||